Statistics for Capitals of the Countries that Start with N

Click here to take the quiz!

General Stats

  • This quiz has been taken 187 times
    (165 since last reset)
  • The average score is 10 of 11

Answer Stats

CountryCapital% Correct
NetherlandsAmsterdam
98%
NorwayOslo
97%
New ZealandWellington
96%
NepalKathmandu
95%
North KoreaPyongyang
93%
North MacedoniaSkopje
91%
NamibiaWindhoek
89%
NigeriaAbuja
86%
NicaraguaManagua
85%
NigerNiamey
77%
NauruYaren
64%

Score Distribution

Percentile by Number Answered

Percent of People with Each Score

Your Score History

You have not taken this quiz since the last reset